[Event "Bethune op-B 23th"]
[Site "Bethune"]
[Date "2002.12.29"]
[Round "6"]
[White "Crepin, Jimmy"]
[Black "Marechal, Remy"]
[Result "1-0"]
[WhiteElo "1720"]
[BlackElo "1373"]
[PlyCount "80"]
[EventDate "2002.12.26"]
[EventType "swiss"]
[EventRounds "7"]
[EventCountry "FRA"]
[SourceTitle "CBM 091 Extra"]
[Source "ChessBase"]
[SourceDate "2003.01.09"]
[SourceVersion "1"]
[SourceVersionDate "2003.01.09"]
[SourceQuality "1"]

1. d4 d5 2. Nf3 Nf6 3. Bf4 Bf5 4. e3 e6 5. c4 c6 6. Nc3 Nbd7 7. Qb3 Qb6 8. Qxb6 Nxb6 9. c5 Nbd7 10. Nh4 Nh5 11. Bg3 Nxg3 12. hxg3 g6 13. Nxf5 exf5 14. b4 a6 15. Kd2 Bg7 16. Be2 Nf6 17. a4 Ne4+ 18. Nxe4 fxe4 19. b5 axb5 20. axb5 0-0 21. b6 f5 22. Ra7 Rab8 23. Rha1 h5 24. Ba6 bxa6 25. R1xa6 Rf7 26. Kc3 Kf8 27. Kb4 Ke8 28. Ka5 Rd7 29. Rxd7 Kxd7 30. Ra7+ Kd8 31. Rxg7 Kc8 32. Rg8+ Kb7 33. Rxb8+ Kxb8 34. Ka6 g5 35. b7 g4 36. Kb6 f4 37. gxf4 g3 38. fxg3 h4 39. Kxc6 hxg3 40. Kxd5 Kxb7 1-0